000 00836nam a2200205 i 4500
001 116874
003 ES-MaACL
005 20231204173414.0
008 061121q1910 sp |||| | spa d
100 1 _aPavissich, Antonio.
_989684
245 1 3 _aUn cáncer de la civilización
_b: estudio sobre la prostitución moderna /
_cpor el P. Antonio Pavissich ; prólogo de Julián Juderías ; versión castellana de Cristóbal de Reyna ; apéndice de Margarita de Schlumberger.
260 _aMadrid :
_bSaturnino Calleja Fernández,
_c[1910?]
300 _a216 p. ;
_c19 x 12 cm.
650 0 4 _aProstitución.
_916507
700 1 _aJuderías, Julián,
_d1877-1918
_967185
700 1 _aReyna Masa, Cristóbal de.
_996612
710 1 _aSchlumberger, Marguerite de.
_96510
852 _aES-MaACL
_jF-1705
999 _c116874
_d116874